| LEADER | 01542nam a2200313 u 4500 | ||
|---|---|---|---|
| 001 | 10088215 | ||
| 003 | upatras | ||
| 005 | 20210117202702.0 | ||
| 008 | 101207s2005 gr gre | ||
| 020 | |a 9604022040 | ||
| 040 | |a ΠΑΝΕΠΙΣΤΗΜΙΟ ΠΑΤΡΑΣ |c ΠΑΝΕΠΙΣΤΗΜΙΟ ΠΑΤΡΑΣ | ||
| 041 | 0 | |a gre | |
| 082 | 0 | 4 | |a 362.295 |
| 084 | |a QV 77.7 | ||
| 100 | 1 | |a Μαρσέλος, Μάριος |9 49550 | |
| 245 | 1 | 0 | |a Cannabis sativa |b μύθοι, ιστορία και παρόν για ένα φυτό με φίλους και εχθρούς |c Μ. Μαρσέλος & Α. Καραγιαννίδου |
| 250 | |a 1η έκδ. | ||
| 260 | |a Αθήνα |b Τυπωθήτω |c 2005 | ||
| 300 | |a 237 σ. |c 24 εκ. | ||
| 504 | |a Περιέχει βιβλιογραφικές παραπομπές και ευρετήριο | ||
| 650 | 4 | |a Κάνναβη |9 91086 | |
| 700 | 1 | |a Καραγιαννίδου, Αγγελική |9 91087 | |
| 852 | |a GR-PaULI |b ΠΑΤΡΑ |b ΙΑΤΡΙΚΗ |k ΟΧΙΔ-10 |h QV 77.7 ΜΑΡ |m 6479 |p 025000204603 |t 2 | ||
| 852 | |a GR-PaULI |b ΠΑΤΡΑ |b ΠΤΔΕ |k ΑΣΧΕ |h 362.295 ΜΑΡ |m 10880 |p 025000193620 |t 1 | ||
| 942 | |2 ddc |c BKN | ||
| 952 | |0 0 |1 0 |4 0 |6 QV_77_700000000000000_ΜΑΡ |7 0 |9 95003 |a MEDI |b MEDI |d 2016-04-24 |i 6479 |l 0 |o QV 77.7 ΜΑΡ |p 025000204603 |r 2016-04-24 00:00:00 |t 2 |w 2016-04-24 |y BKN | ||
| 952 | |0 0 |1 0 |4 0 |6 362_295000000000000_ΜΑΡ |7 0 |9 95004 |a PTDE |b PTDE |d 2016-04-24 |i 10880 |l 0 |o 362.295 ΜΑΡ |p 025000193620 |r 2016-04-24 00:00:00 |t 1 |w 2016-04-24 |y BK15 | ||
| 998 | |c ΤΣΕΝΕ |d 2010-12 | ||
| 999 | |c 63955 |d 63955 | ||